| 000 | 00629nam a2200241 a 4500 | ||
|---|---|---|---|
| 001 | nice12345678 | ||
| 003 | IN_TiNIC | ||
| 005 | 20260116011927.0 | ||
| 008 | 050524s1976 lona grp 000 0 eng | ||
| 020 |
_a0195668 _c132 |
||
| 082 | 0 | 0 |
_a652.1 _bMIT |
| 100 | _aMitchell, T F | ||
| 245 |
_aWriting Arabic _b Practical Introduction to Ruq`ah Script |
||
| 260 |
_aLondan _bOxford University Press _c1976 |
||
| 300 | _a163p | ||
| 500 | _aincludes index and biblioraphy | ||
| 505 | 2 | _abibliography | |
| 650 | _aCalligraphy-Islamic | ||
| 700 | 1 | _aMitchell, T F | |
| 902 | _bSRS | ||
| 942 | _cBK | ||
| 999 |
_c4928 _d4928 |
||